[Event "European Blitz 2017"]
[Site "Katowice POL"]
[Date "2017.12.15"]
[Round "9.37"]
[White "Amores Gago, Javier"]
[Black "Aleksandrov, Aleksej"]
[Result "0-1"]
[BlackTitle "GM"]
[WhiteElo "2139"]
[BlackElo "2589"]
[WhiteFideId "32004192"]
[BlackFideId "13500139"]
[EventDate "2017.12.15"]
[EventType "blitz"]

1. e4 e5 2. Nc3 Nf6 3. f4 d5 4. fxe5 Nxe4 5. d3 Nxc3 6. bxc3 d4 7. Nf3 Nc6 8.
Be2 dxc3 9. O-O Be7 10. d4 O-O 11. Bc4 Bg4 12. Be3 a6 13. Rb1 b5 14. Bb3 Na5 15.
Qd3 Nxb3 16. axb3 b4 17. Ra1 Qd7 18. Rxa6 Bf5 19. Qe2 Rxa6 20. Qxa6 Bxc2 21. Qc4
c6 22. Rf2 Be4 23. Ng5 Bxg5 24. Bxg5 Qb7 25. Qc5 Re8 26. Ra2 Bd5 27. Ra7 Qb5 28.
Qe7 Qb8 29. Rb7 Qc8 30. Rc7 Qa8 31. Ra7 Qc8 32. Rc7 Qe6 33. Qxe6 fxe6 34. Kf2
Ra8 35. Ke3 h6 36. Bh4 Ra1 37. Rc8+ Kf7 38. Bg3 c2 0-1

[Event "European Blitz 2017"]
[Site "Katowice POL"]
[Date "2017.12.15"]
[Round "9.39"]
[White "Barski, Radoslaw"]
[Black "Stupak, Kirill"]
[Result "0-1"]
[WhiteTitle "IM"]
[BlackTitle "GM"]
[WhiteElo "2452"]
[BlackElo "2588"]
[WhiteFideId "1131710"]
[BlackFideId "13503758"]
[EventDate "2017.12.15"]
[EventType "blitz"]

1. e4 e6 2. d4 d5 3. Nd2 Nc6 4. Ngf3 Nf6 5. e5 Nd7 6. Bd3 f6 7. Ng5 Ndxe5 8.
dxe5 fxg5 9. Qh5+ Kd7 10. Nf3 Nb4 11. Bxg5 Qe8 12. Qh4 Nxd3+ 13. cxd3 Qg6 14.
O-O c6 15. Rad1 Ke8 16. Nd4 Bd7 17. Be3 Be7 18. Qh3 c5 19. Nb3 Rc8 20. f4 Rf8
21. d4 b6 22. dxc5 bxc5 23. Rc1 d4 24. Bd2 Bb5 25. Rfe1 Kd7 26. Na5 c4 27. Qf3
Rc7 28. a4 Ba6 29. Red1 d3 30. Be3 Rfc8 31. Bf2 Ke8 32. g3 Bb4 33. Be1 Bxe1 34.
Rxe1 d2 0-1

[Event "European Blitz 2017"]
[Site "Katowice POL"]
[Date "2017.12.15"]
[Round "9.40"]
[White "Tregubov, Pavel V."]
[Black "Kantans, Toms"]
[Result "1-0"]
[WhiteTitle "GM"]
[BlackTitle "GM"]
[WhiteElo "2575"]
[BlackElo "2484"]
[WhiteFideId "4115341"]
[BlackFideId "11602945"]
[EventDate "2017.12.15"]
[EventType "blitz"]

1. d4 Nf6 2. c4 g6 3. Nc3 d5 4. Nf3 Bg7 5. e3 O-O 6. cxd5 Nxd5 7. Bc4 Nb6 8. Bb3
Na6 9. O-O c5 10. h3 Bf5 11. Qe2 Rc8 12. Rd1 c4 13. Bc2 Bxc2 14. Qxc2 Nb4 15.
Qe2 Nd3 16. Ne1 Nxe1 17. Qxe1 Qd7 18. Bd2 f5 19. Ne2 Nd5 20. a4 e6 21. Bb4 Rfd8
22. Ba3 Rc6 23. Nc3 Ra6 24. Nxd5 exd5 25. a5 Re8 26. Qc3 Rae6 27. b3 cxb3 28.
Qxb3 b6 29. Rac1 f4 30. exf4 Re4 31. axb6 axb6 32. Qxb6 Rxf4 33. Bc5 Qf5 34. Qb2
h5 35. Re1 Rfe4 36. Rxe4 dxe4 37. Qb5 Re6 38. Qc4 Kh7 39. d5 Re5 40. Rd1 Qd7 41.
Be3 Re8 42. d6 Re6 43. Qc7 Qxc7 44. dxc7 Rc6 45. Rc1 1-0

[Event "European Blitz 2017"]
[Site "Katowice POL"]
[Date "2017.12.15"]
[Round "9.41"]
[White "Fedorov, Alexei"]
[Black "Shkapenko, Pavel"]
[Result "1-0"]
[WhiteTitle "GM"]
[BlackTitle "IM"]
[WhiteElo "2573"]
[BlackElo "2431"]
[WhiteFideId "13500465"]
[BlackFideId "4151933"]
[EventDate "2017.12.15"]
[EventType "blitz"]

1. e4 e5 2. Nf3 Nc6 3. Bc4 Nf6 4. d3 Be7 5. O-O O-O 6. Re1 d6 7. a4 Be6 8. Bxe6
fxe6 9. c3 Qd7 10. Nbd2 Nh5 11. Nc4 Nf4 12. g3 Ng6 13. h4 h6 14. h5 Nh8 15. Nh2
Nf7 16. Qg4 Bf6 17. Bd2 Qe7 18. Re2 Rad8 19. Ne3 Na5 20. Rf1 Nb3 21. Be1 Nc1 22.
Rd2 Qd7 23. Qd1 Na2 24. Qb3 Nc1 25. Qc2 Na2 26. b3 Ng5 27. Qxa2 Qf7 28. g4 Nh3+
29. Kh1 Bg5 30. Re2 d5 31. exd5 exd5 32. Nf5 Bf4 33. Kg2 Ng5 34. Bd2 Kh7 35.
Bxf4 exf4 36. Re7 Qf6 37. Rxg7+ Kh8 38. Rg6 Qxc3 39. Rxh6+ Kg8 40. Rg6+ Kh7 41.
Rxg5 Rg8 42. Nf3 Qf6 43. Rg6 Rxg6 44. hxg6+ Kxg6 45. Rh1 Qc3 46. Qe2 1-0

[Event "European Blitz 2017"]
[Site "Katowice POL"]
[Date "2017.12.15"]
[Round "9.42"]
[White "Orndahl, Markus"]
[Black "Arnaudov, G. Petar"]
[Result "1/2-1/2"]
[BlackTitle "GM"]
[WhiteElo "2182"]
[BlackElo "2439"]
[WhiteFideId "1709135"]
[BlackFideId "2907127"]
[EventDate "2017.12.15"]
[EventType "blitz"]

1. e4 g6 2. d4 Bg7 3. Nc3 c6 4. Be3 d5 5. f3 dxe4 6. fxe4 Nf6 7. h3 e5 8. Nf3
exd4 9. Qxd4 O-O 10. O-O-O Qa5 11. Qc5 Qxc5 12. Bxc5 Re8 13. e5 Nfd7 14. Bd6 b5
15. a4 a6 16. g4 Bb7 17. Bg2 Nf8 18. Rhf1 Nbd7 19. Ne4 h6 20. h4 Rad8 21. g5
Nxe5 22. Nxe5 Bxe5 23. Bxe5 Rxd1+ 24. Rxd1 Rxe5 25. Rd8 hxg5 26. hxg5 Kg7 27.
Rb8 Re7 28. Nd6 Re2 29. Bf3 Re3 30. Bd1 Ne6 31. Rxb7 Nxg5 32. Ne8+ Kf8 33. Nd6
Re6 34. Nc8 Ne4 35. Rb8 Kg7 36. Na7 g5 37. Rc8 f5 38. Rxc6 Re7 39. axb5 Rxa7 40.
b6 Rb7 41. Rc7+ Rxc7 42. bxc7 Nd6 43. Bf3 g4 44. Bb7 f4 45. Kd2 g3 46. Ke2 Kf6
47. c8=Q Nxc8 48. Bxc8 a5 49. Bb7 Ke5 50. Kf3 Kf5 51. Be4+ Ke5 52. Ba8 Kf5 53.
c3 Ke5 54. Bc6 Kd6 55. Be8 Ke5 56. b4 axb4 57. cxb4 Kd6 58. b5 Kc5 59. Bc6 Kb6
60. Kxf4 g2 61. Bxg2 Kxb5 62. Ke4 1/2-1/2

[Event "European Blitz 2017"]
[Site "Katowice POL"]
[Date "2017.12.15"]
[Round "9.43"]
[White "Berchtenbreiter, Maximilian"]
[Black "Costachi, Mihnea"]
[Result "1-0"]
[WhiteTitle "IM"]
[BlackTitle "IM"]
[WhiteElo "2387"]
[BlackElo "2441"]
[WhiteFideId "24641120"]
[BlackFideId "1217518"]
[EventDate "2017.12.15"]
[EventType "blitz"]

1. e4 e5 2. Nf3 Nc6 3. Bc4 Bc5 4. c3 Nf6 5. d3 d6 6. Bb3 a6 7. Nbd2 Ba7 8. Qe2
h6 9. h3 O-O 10. Nf1 Ne7 11. Ne3 Ng6 12. g3 c6 13. h4 Re8 14. h5 Nf8 15. Nh4
Bxe3 16. Bxe3 d5 17. O-O-O a5 18. Bc2 d4 19. cxd4 exd4 20. Bd2 Be6 21. Kb1 a4
22. f4 Bg4 23. Nf3 a3 24. Qf2 axb2 25. f5 Nd5 26. Nxd4 Bxd1 27. Bxd1 c5 28. exd5
cxd4 29. Qxd4 f6 30. Bb3 Kh7 31. d6 Qd7 32. Qd5 Ng6 33. hxg6+ Kh8 34. Bc3 Rad8
35. Rxh6+ gxh6 36. Bxf6+ 1-0

[Event "European Blitz 2017"]
[Site "Katowice POL"]
[Date "2017.12.15"]
[Round "9.44"]
[White "Pultinevicius, Paulius"]
[Black "Fedorov, Evgueny"]
[Result "1-0"]
[WhiteTitle "IM"]
[WhiteElo "2371"]
[BlackElo "2241"]
[WhiteFideId "12809390"]
[BlackFideId "4188004"]
[EventDate "2017.12.15"]
[EventType "blitz"]

1. c4 Nf6 2. Nc3 c5 3. Nf3 e6 4. d4 cxd4 5. Nxd4 Bb4 6. Nb5 O-O 7. Bf4 Na6 8.
Bd6 Re8 9. Bxb4 Nxb4 10. a3 Nc6 11. Nd6 Rf8 12. e3 a6 13. Be2 Ne8 14. O-O Qe7
15. Nce4 f5 16. Nxe8 Rxe8 17. Nd6 Rd8 18. b4 Ne5 19. Rc1 Nf7 20. c5 Nxd6 21.
cxd6 Qf6 22. Rc7 b6 23. Bf3 Rb8 24. Qc2 Qe5 25. Rd1 g6 26. Ra7 a5 27. Qc7 1-0

[Event "European Blitz 2017"]
[Site "Katowice POL"]
[Date "2017.12.15"]
[Round "9.45"]
[White "Sliwicka, Alicja"]
[Black "Valsecchi, Alessio"]
[Result "1-0"]
[WhiteTitle "WFM"]
[BlackTitle "IM"]
[WhiteElo "2337"]
[BlackElo "2501"]
[WhiteFideId "1150677"]
[BlackFideId "818860"]
[EventDate "2017.12.15"]
[EventType "blitz"]

1. e4 c5 2. Nf3 e6 3. d4 cxd4 4. Nxd4 Nf6 5. Nc3 d6 6. Nb3 Nc6 7. g4 Be7 8. g5
Nd7 9. h4 a6 10. Be3 b5 11. Bg2 Bb7 12. f4 Rc8 13. a3 Na5 14. Nxa5 Qxa5 15. Qd2
Qc7 16. h5 Nb6 17. Bxb6 Qxb6 18. O-O-O a5 19. g6 b4 20. gxf7+ Kf8 21. axb4 axb4
22. Nb1 h6 23. Bf3 e5 24. Rhg1 exf4 25. Qd4 Qxd4 26. Rxd4 d5 27. exd5 Bc5 28.
Rgd1 Bxd4 29. Rxd4 b3 30. c3 Kxf7 31. Rxf4+ Ke7 32. Nd2 Rcf8 33. Re4+ Kd8 34.
Rb4 Kc8 35. Rxb3 Rf4 36. c4 Re8 37. Rc3 Re1+ 38. Kc2 Rg1 39. b4 g5 40. hxg6 Rxg6
41. Kb3 Rg3 42. Ka4 h5 43. Re3 h4 44. Re8+ Kd7 45. Rh8 Rd4 46. Ne4 Rxf3 47. Nc5+
Ke7 48. Nxb7 Rxc4 49. d6+ Kd7 50. Rh7+ Kc6 51. Na5+ Kxd6 52. Nxc4+ Kd5 53. Nb6+
Kc6 54. Rh6+ Kb7 55. Ka5 h3 56. Na4 Kc7 57. Nc5 Kd8 58. Kb6 Ke7 59. b5 Kf7 60.
Kc7 Rf5 61. Kc6 Rf3 62. b6 Kg7 63. Rh4 Kg6 64. b7 Kg5 65. Rh8 Rf6+ 66. Kc7 Rf7+
67. Nd7 1-0

[Event "European Blitz 2017"]
[Site "Katowice POL"]
[Date "2017.12.15"]
[Round "9.46"]
[White "Kourousis, Epaminondas"]
[Black "Olszynski, Kazimierz"]
[Result "0-1"]
[WhiteTitle "IM"]
[WhiteElo "2393"]
[BlackElo "2151"]
[WhiteFideId "4211626"]
[BlackFideId "1112376"]
[EventDate "2017.12.15"]
[EventType "blitz"]

1. d4 g6 2. e4 Bg7 3. Nf3 d6 4. c3 h6 5. Bd3 a6 6. O-O e6 7. Re1 Ne7 8. Nbd2 O-O
9. Nf1 b6 10. Ng3 Bb7 11. Be3 Nd7 12. Qd2 Kh7 13. h4 f5 14. h5 fxe4 15. Nxe4 Nf5
16. hxg6+ Kh8 17. Bf4 e5 18. dxe5 dxe5 19. Bh2 Qe7 20. Qe2 a5 21. Ng3 Nxg3 22.
Bxg3 Bxf3 23. gxf3 Nc5 24. Bc2 Qg5 25. Kg2 Ne6 26. Qe4 Nf4+ 27. Kh1 Qh5+ 28. Bh2
Nh3 29. Re2 Rxf3 30. Rf1 Raf8 31. Bd1 R8f4 32. Qd5 Rh4 33. Qd8+ Rf8 34. Qd5 0-1

[Event "European Blitz 2017"]
[Site "Katowice POL"]
[Date "2017.12.15"]
[Round "9.48"]
[White "Klekowski, Maciej"]
[Black "Paszewski, Mateusz"]
[Result "1-0"]
[WhiteTitle "IM"]
[BlackTitle "FM"]
[WhiteElo "2498"]
[BlackElo "2307"]
[WhiteFideId "1132717"]
[BlackFideId "1141058"]
[EventDate "2017.12.15"]
[EventType "blitz"]

1. c4 c6 2. d4 d5 3. Nc3 Nf6 4. Nf3 e6 5. e3 Nbd7 6. Qc2 Bd6 7. Bd3 O-O 8. O-O
dxc4 9. Bxc4 b5 10. Bd3 Bb7 11. Ng5 h6 12. Nge4 Be7 13. Nxf6+ Nxf6 14. Ne4 Nxe4
15. Bxe4 Rc8 16. Bd2 a5 17. a3 Qc7 18. b4 a4 19. Rac1 Bd6 20. f4 Qe7 21. Qd1 Bb8
22. Qf3 Qd6 23. Be1 Rfd8 24. Bg3 f5 25. Bb1 Ba7 26. Ba2 Kh7 27. Rc2 Qe7 28. Qh5
g6 29. Qh3 Rg8 30. Bh4 Qd7 31. Bg5 h5 32. Qh4 Kg7 33. Bf6+ Kh7 34. h3 Qf7 35. g4
c5 36. bxc5 Be4 37. Rb2 Bc6 38. Kh2 Bb8 39. Rg1 Rce8 40. Rbb1 Bc7 41. Rg3 Bb8
42. Rbg1 g5 43. Bxg5 1-0

[Event "European Blitz 2017"]
[Site "Katowice POL"]
[Date "2017.12.15"]
[Round "9.49"]
[White "Miton, Kamil"]
[Black "Mazurkiewicz, Michal"]
[Result "0-1"]
[WhiteTitle "GM"]
[WhiteElo "2584"]
[BlackElo "2215"]
[WhiteFideId "1111914"]
[BlackFideId "1124943"]
[EventDate "2017.12.15"]
[EventType "blitz"]

1. d4 Nf6 2. c4 e5 3. dxe5 Ng4 4. e3 Nxe5 5. Nh3 Nbc6 6. Nf4 g6 7. Be2 Bg7 8.
O-O O-O 9. Nc3 d6 10. Nfd5 f5 11. b3 Be6 12. Bb2 Kh8 13. Qc2 Ne7 14. Rad1 c6 15.
Nf4 Bf7 16. Ba3 Nc8 17. Nd3 Qh4 18. Nxe5 Bxe5 19. f4 Bg7 20. Bf3 Re8 21. Rd3 a5
22. Bb2 Qe7 23. e4 fxe4 24. Nxe4 Be6 25. Re1 Bf5 26. g4 Bxb2 27. Qxb2+ Qg7 28.
Qd2 Bxe4 29. Rxe4 Rxe4 30. Bxe4 a4 31. b4 a3 32. g5 Qb2 33. Kf2 Nb6 34. Kg3 Qxd2
35. Rxd2 Nxc4 36. Rd3 d5 37. Bf3 Re8 38. b5 Re3 39. Rd1 Nb2 40. Rc1 Nd3 41. Rc3
d4 42. bxc6 bxc6 43. Rxc6 Ne1 44. Kf2 Nxf3 45. h4 Nd2 46. h5 Ne4+ 47. Kg2 gxh5
48. Re6 d3 49. f5 Re2+ 50. Kf3 Nxg5+ 0-1

[Event "European Blitz 2017"]
[Site "Katowice POL"]
[Date "2017.12.15"]
[Round "9.50"]
[White "Zelbel, Patrick"]
[Black "Rigopoulos-Tsigkos, Alexandros"]
[Result "1-0"]
[WhiteTitle "IM"]
[WhiteElo "2456"]
[BlackElo "2117"]
[WhiteFideId "24624322"]
[BlackFideId "4215109"]
[EventDate "2017.12.15"]
[EventType "blitz"]

1. e4 c5 2. c3 d5 3. exd5 Qxd5 4. Nf3 Nf6 5. Na3 Nc6 6. Bc4 Qd8 7. O-O e6 8. Qe2
Be7 9. d4 cxd4 10. Rd1 Bxa3 11. bxa3 Nd5 12. Bb2 O-O 13. Nxd4 Qf6 14. Nb5 Nf4
15. Qf3 a6 16. Nd6 Ne5 17. Qe4 Nxc4 18. Nxc4 Rb8 19. Rab1 b5 20. Nd6 Qg5 21. g3
Nd5 22. c4 bxc4 23. Nxc4 Qg6 24. Qd4 f6 25. Rbc1 Bb7 26. Nd6 Ba8 27. Ba1 Kh8 28.
Re1 e5 29. Qa7 Nf4 30. Rcd1 Nh3+ 31. Kf1 Qh6 32. Nf7+ Rxf7 33. Qxb8+ 1-0

[Event "European Blitz 2017"]
[Site "Katowice POL"]
[Date "2017.12.15"]
[Round "9.51"]
[White "Sgircea, Silvia-Raluca"]
[Black "Gajewski, Grzegorz"]
[Result "0-1"]
[WhiteTitle "WIM"]
[BlackTitle "GM"]
[WhiteElo "2193"]
[BlackElo "2601"]
[WhiteFideId "1213776"]
[BlackFideId "1116207"]
[EventDate "2017.12.15"]
[EventType "blitz"]

1. d4 Nf6 2. Nf3 e6 3. g3 b5 4. Bg2 Bb7 5. O-O Be7 6. Nbd2 O-O 7. c4 bxc4 8.
Nxc4 a5 9. b3 d5 10. Nce5 Na6 11. Bb2 c5 12. Rc1 Qb6 13. dxc5 Bxc5 14. Nd4 Rfc8
15. e3 Bd6 16. Nd3 Nb4 17. a3 Nxd3 18. Qxd3 Ba6 19. Qd1 Rxc1 20. Bxc1 Bxf1 21.
Bxf1 Rc8 22. Bd3 Ne4 23. Bb2 Be5 24. Kg2 g6 25. Bc2 Bg7 26. Qe2 Qc5 27. Bd3 Nd6
28. Qe1 e5 29. Ne2 e4 30. Bb1 Bxb2 0-1

[Event "European Blitz 2017"]
[Site "Katowice POL"]
[Date "2017.12.15"]
[Round "9.52"]
[White "Mroziak, Maciej"]
[Black "Kislinsky, Alexey"]
[Result "0-1"]
[WhiteTitle "IM"]
[BlackTitle "GM"]
[WhiteElo "2397"]
[BlackElo "2513"]
[WhiteFideId "1139665"]
[BlackFideId "14108801"]
[EventDate "2017.12.15"]
[EventType "blitz"]

1. e4 d5 2. exd5 Qxd5 3. Nc3 Qa5 4. d4 Nf6 5. Bc4 Bg4 6. Nf3 Nc6 7. Be3 O-O-O 8.
h3 Bh5 9. g4 Bg6 10. Qe2 e5 11. dxe5 Ne4 12. O-O Nxc3 13. bxc3 Bc5 14. Rab1 a6
15. e6 fxe6 16. Bxe6+ Kb8 17. Nd4 Bxd4 18. cxd4 Nxd4 19. Bxd4 Rxd4 20. Rfd1 Rhd8
21. Rxd4 Rxd4 22. Qf3 Be4 23. Qe3 Qd2 24. Qa3 Rd6 25. Bf5 Bxf5 26. gxf5 Qxc2 27.
Qb4 Rd1+ 28. Rxd1 Qxd1+ 29. Kg2 Qd5+ 30. f3 Qxf5 31. Qd4 Qf6 32. Qc5 Qg6+ 33.
Kf1 b6 34. Qd5 a5 35. Qg8+ Kb7 36. Qd5+ Qc6 37. Qf5 g6 38. Qf7 h5 39. Kg2 a4 40.
Kg3 Qd6+ 41. Kh4 a3 42. Kg5 b5 43. Qxg6 Qxg6+ 44. Kxg6 b4 45. f4 b3 46. f5 bxa2
47. f6 a1=Q 48. f7 Qf1 49. Kg7 a2 0-1

[Event "European Blitz 2017"]
[Site "Katowice POL"]
[Date "2017.12.15"]
[Round "9.53"]
[White "Fedorchuk, Sergey A."]
[Black "Swicarz, Maciej"]
[Result "1-0"]
[WhiteTitle "GM"]
[WhiteElo "2648"]
[BlackElo "2378"]
[WhiteFideId "14102536"]
[BlackFideId "1113585"]
[EventDate "2017.12.15"]
[EventType "blitz"]

1. e4 c6 2. d4 d5 3. Nd2 a6 4. c3 dxe4 5. Nxe4 Bf5 6. Ng3 Bg6 7. Nh3 e6 8. Nf4
Bd6 9. h4 Qc7 10. Qf3 Ne7 11. h5 Bc2 12. h6 g6 13. Bd3 Bxd3 14. Nxd3 Nd7 15. Ne4
Nd5 16. Bd2 f5 17. Ng5 Nf8 18. O-O-O O-O-O 19. Rhe1 Re8 20. c4 Nf6 21. Kb1 c5
22. dxc5 Bxc5 23. Bc3 Be7 24. Nf4 Rg8 25. Nfxe6 Nxe6 26. Nxe6 Qb6 27. Bd4 Qa5
28. Re5 Qa4 29. b3 Qa3 30. Bb2 Qb4 31. Qf4 Qb6 32. c5 Qc6 33. Nd4 Qc7 34. Rde1
Bxc5 35. Rxe8+ Rxe8 36. Qxc7+ Kxc7 37. Rxe8 Nxe8 38. Ne6+ Kc6 39. Ng5 Bf8 40.
Nxh7 Bxh6 41. Kc2 Kd5 42. Kd3 Ke6 43. g3 Kf7 44. f4 Kg8 45. Nf6+ Nxf6 46. Bxf6
Kf7 47. Bd8 Ke6 48. Kc4 Bf8 49. Bb6 Ba3 50. Be3 Be7 51. a4 Ba3 52. b4 Kd6 53.
Kb3 Bxb4 54. Kxb4 Kd5 55. Bb6 Ke4 56. Bd8 Kf3 57. Bh4 b5 58. axb5 axb5 59. Kxb5 1-0

[Event "European Blitz 2017"]
[Site "Katowice POL"]
[Date "2017.12.15"]
[Round "9.55"]
[White "Pena Gomez, Manuel"]
[Black "Kowalczyk, Rafal"]
[Result "1-0"]
[WhiteTitle "IM"]
[WhiteElo "2491"]
[BlackElo "2223"]
[WhiteFideId "2252813"]
[BlackFideId "1133853"]
[EventDate "2017.12.15"]
[EventType "blitz"]

1. g3 d5 2. Bg2 Nf6 3. Nf3 e6 4. O-O Be7 5. c4 O-O 6. b3 c5 7. e3 b6 8. Bb2 Bb7
9. Qe2 Nbd7 10. Rd1 Qc7 11. Nc3 Rac8 12. Rac1 Qb8 13. cxd5 exd5 14. d4 Rfe8 15.
Ne5 cxd4 16. exd4 Bb4 17. a3 Bd6 18. f4 a6 19. Qd3 Nf8 20. Re1 Qa8 21. Bh3 Rcd8
22. Na4 b5 23. Nc5 Ne4 24. Bg2 f6 25. Nf3 Bc6 26. f5 a5 27. b4 a4 28. Re2 Bb8
29. Rce1 Nd6 30. Bc1 Rxe2 31. Rxe2 Nc4 32. Ne6 Re8 33. g4 Qb7 34. g5 Qf7 35.
gxf6 Nxe6 36. fxe6 Rxe6 37. fxg7 Rg6 38. Kh1 Qxg7 39. Qf5 Qf8 40. Qh3 Nd6 41.
Ne5 Ne4 42. Nxg6 hxg6 43. Qh4 Bd6 44. Bxe4 dxe4 45. Kg1 e3 46. Qg4 Bf3 47. Qxg6+
Kh8 48. Rxe3 Bc6 49. Rh3+ 1-0

[Event "European Blitz 2017"]
[Site "Katowice POL"]
[Date "2017.12.15"]
[Round "9.56"]
[White "Sammalvuo, Tapani"]
[Black "Kredl, Karel"]
[Result "1-0"]
[WhiteTitle "IM"]
[WhiteElo "2416"]
[BlackElo "2150"]
[WhiteFideId "501115"]
[BlackFideId "315893"]
[EventDate "2017.12.15"]
[EventType "blitz"]

1. d4 Nf6 2. c4 e6 3. Nf3 b6 4. g3 Ba6 5. b3 Bb7 6. Bg2 Bb4+ 7. Bd2 a5 8. O-O
O-O 9. Nc3 d6 10. Qc2 Nbd7 11. Rad1 Qe7 12. Bc1 Bxc3 13. Qxc3 c5 14. Bb2 Rfe8
15. Rfe1 a4 16. d5 e5 17. e4 axb3 18. axb3 Ra2 19. Nh4 g6 20. Bh3 Nh5 21. Ng2
Nf8 22. Ne3 Bc8 23. Bg2 Bd7 24. Bf3 Ng7 25. h4 f6 26. Kg2 b5 27. Ra1 Rea8 28.
Rxa2 Rxa2 29. b4 cxb4 30. Qxb4 bxc4 31. Ba3 Ne8 32. Nxc4 f5 33. Qb3 fxe4 34.
Bxe4 Rxa3 35. Qxa3 Qd8 36. Kg1 Qc7 37. Rc1 Qb7 38. Na5 Qa6 39. Qc3 Nf6 40. Bg2
Ng4 41. Nc6 Qe2 42. Qf3 Qd2 43. Rd1 Qc2 44. Re1 Kg7 45. Nd8 Bf5 1-0

[Event "European Blitz 2017"]
[Site "Katowice POL"]
[Date "2017.12.15"]
[Round "9.57"]
[White "Klabis, Rokas"]
[Black "Skliarov, Viktor"]
[Result "0-1"]
[WhiteTitle "FM"]
[BlackTitle "IM"]
[WhiteElo "2366"]
[BlackElo "2353"]
[WhiteFideId "12805246"]
[BlackFideId "14106736"]
[EventDate "2017.12.15"]
[EventType "blitz"]

1. e4 c5 2. Nc3 Nc6 3. Bb5 Nd4 4. Nf3 g6 5. O-O Bg7 6. Bd3 d6 7. Nxd4 cxd4 8.
Ne2 Qb6 9. c3 dxc3 10. dxc3 Nf6 11. a4 O-O 12. a5 Qc7 13. Nd4 d5 14. Nb5 Qb8 15.
exd5 a6 16. Na3 Nxd5 17. Be4 Nf6 18. Bf3 Be6 19. Re1 h5 20. Qa4 Bg4 21. Bf4 Qc8
22. Bxg4 Qxg4 23. h3 Qh4 24. Rxe7 g5 25. g3 Qxh3 26. Bxg5 Ng4 27. Qf4 Qh2+ 28.
Kf1 Qh1+ 29. Ke2 Qxa1 30. Nc4 Rae8 31. f3 Rxe7+ 32. Bxe7 Re8 33. Qd6 Qa4 34. Nd2
Bf6 35. fxg4 Rxe7+ 36. Kf2 Qc6 37. Qd8+ Kg7 38. gxh5 Re2+ 0-1

[Event "European Blitz 2017"]
[Site "Katowice POL"]
[Date "2017.12.15"]
[Round "9.58"]
[White "Kastelik, Adrian"]
[Black "Luch, Michal"]
[Result "1/2-1/2"]
[BlackTitle "IM"]
[WhiteElo "2176"]
[BlackElo "2398"]
[WhiteFideId "1134701"]
[BlackFideId "1120042"]
[EventDate "2017.12.15"]
[EventType "blitz"]

1. e4 Nf6 2. Nc3 d5 3. e5 Nfd7 4. Nxd5 Nxe5 5. Ne3 Nbc6 6. c3 Nd3+ 7. Bxd3 Qxd3
8. Qe2 Qxe2+ 9. Kxe2 e5 10. Nf3 f6 11. Nd5 Bd6 12. d4 exd4 13. Nxd4 Nxd4+ 14.
cxd4 Kf7 15. Bf4 Bg4+ 16. f3 Be6 17. Bxd6 Bxd5 18. Bxc7 Rac8 19. Rhc1 Rhe8+ 20.
Kd3 Be6 21. b3 h5 22. Bg3 Bd5 23. h4 Kg6 24. Rc5 Rxc5 25. dxc5 Bc6 26. Re1 Rxe1
27. Bxe1 Kf5 28. Bd2 Ke6 29. Kc4 a6 30. a4 Bd5+ 31. Kb4 Kd7 32. Ka5 Bxb3 33. Kb6
Bd5 34. Bf4 Bc6 35. a5 Ke6 36. Bd6 Kd5 37. Bf8 g6 38. Kc7 Kc4 39. Kd6 Kb5 40.
Ke6 g5 41. Kxf6 gxh4 42. Bd6 h3 43. g4 Bxf3 44. g5 Kxa5 45. g6 Bd5 46. Kg5 Kb5
47. Kxh5 a5 48. Kh4 Be6 49. g7 a4 50. g8=Q Bxg8 51. Kxh3 a3 52. c6 Be6+ 53. Kg3
bxc6 54. Bxa3 1/2-1/2

[Event "European Blitz 2017"]
[Site "Katowice POL"]
[Date "2017.12.15"]
[Round "9.59"]
[White "Mucha, Piotr"]
[Black "Kanarek, Marcel"]
[Result "1-0"]
[BlackTitle "GM"]
[WhiteElo "2165"]
[BlackElo "2505"]
[WhiteFideId "1164163"]
[BlackFideId "1126822"]
[EventDate "2017.12.15"]
[EventType "blitz"]

1. e4 c5 2. Nc3 Nc6 3. f4 d6 4. Bb5 Bd7 5. Nf3 g6 6. O-O Bg7 7. d3 a6 8. Bxc6
Bxc6 9. Qe1 Nf6 10. Bd2 b5 11. Qh4 b4 12. Nd1 Nd7 13. c3 a5 14. Ne3 e6 15. Qg3
bxc3 16. Bxc3 Bxc3 17. bxc3 Qe7 18. Nc4 Bb5 19. Nfd2 O-O 20. e5 dxe5 21. fxe5 f5
22. exf6 Nxf6 23. Rae1 Rad8 24. Ne5 Nh5 25. Qg4 Rxf1+ 26. Rxf1 Rf8 27. Rxf8+
Kxf8 28. Ne4 Kg7 29. Ng5 Nf6 30. Nxe6+ Kg8 31. Qh3 Bd7 32. Nxd7 Qxd7 33. Nf4 Qb7
34. Qe6+ Kg7 35. Qe1 Qa7 36. Kf2 c4+ 37. d4 Qf7 38. Qe6 Qxe6 39. Nxe6+ Kf7 40.
Nc5 Nd5 41. Ne4 Ke6 42. Ke2 h5 43. Kd2 Kf5 44. Nd6+ Ke6 45. Nxc4 Nf4 46. Ne3 g5
47. c4 h4 48. g3 hxg3 49. hxg3 Nh5 50. g4 Nf4 51. c5 Nh3 52. d5+ Ke5 53. d6 Ke6
54. Kd3 Nf4+ 55. Ke4 Ne2 56. Kd3 Nc1+ 57. Kc4 Nxa2 58. Nf5 a4 59. c6 a3 60. d7 1-0

[Event "European Blitz 2017"]
[Site "Katowice POL"]
[Date "2017.12.15"]
[Round "9.62"]
[White "Polivanov, Anatoliy"]
[Black "Kiratzopoulos, Efthimios"]
[Result "0-1"]
[WhiteTitle "IM"]
[WhiteElo "2383"]
[BlackElo "2204"]
[WhiteFideId "14109468"]
[BlackFideId "4207629"]
[EventDate "2017.12.15"]
[EventType "blitz"]

1. d4 Nf6 2. c4 Nc6 3. Nc3 e5 4. d5 Ne7 5. e4 Ng6 6. h4 h5 7. Bg5 Be7 8. g3 d6
9. Bxf6 Bxf6 10. Bh3 c6 11. Qa4 Qb6 12. O-O-O O-O 13. dxc6 bxc6 14. Rxd6 Qxf2
15. Rxc6 Qxg3 16. Nd5 Bb7 17. Rxf6 Bxd5 18. Rxg6 Qe3+ 19. Kd1 Bxe4 20. Qb3 Rad8+ 0-1